00390nam a2200145Ia 4500008004100000020001500041041000800056082001700064100001900081245006800100250000600168260004400174300001700218650000900235210716s2004 xx 000 0 und d a8178813122 aeng a332.645 RAOS aRao, Shilpa M. aInflation: concepts and experiences.bConcepts and experiences. a1 aHyderabadbICFAI University Pressc2004 aviii,186,A11 aNone